Traditional Textile Design of Assam: (Record no. 194309)

MARC details
000 -LEADER
fixed length control field 00624nam a22001817a 4500
005 - DATE AND TIME OF LATEST TRANSACTION
control field 20230921142333.0
010 ## - LCCN (DPL NO)
LC control number ENG-135775
020 ## - INTERNATIONAL STANDARD BOOK NUMBER
Terms of availability 120.00
035 ## - SYSTEM CONTROL NUMBER
System control number EN-119307
037 ## - SOURCE OF ACQUISITION
Source of stock number/acquisition DBAD/PUB
082 ## - DEWEY DECIMAL CLASSIFICATION NUMBER
Classification number 746.95451
100 ## - MAIN ENTRY--PERSONAL NAME
Personal name Sharma,Jayanta Deva
245 ## - TITLE STATEMENT
Title Traditional Textile Design of Assam:
Remainder of title lts Preservatgion/
Statement of responsibility, etc By Sharma Jayanta Deva
260 ## - PUBLICATION, DISTRIBUTION, ETC. (IMPRINT)
Place of publication, distribution, etc Guwahati
Name of publisher, distributor, etc Pragjyotishpur Sahitya Sabha
Date of publication, distribution, etc 2018
270 ## - ADDRESS
City Guwahati
Postal code 781014
Address Gauhati University Campus,guwahati-14(assam)
Electronic mail address anshpublication1973@gmail.com
300 ## - PHYSICAL DESCRIPTION
Extent 100p.
Dimensions 21cm(hb)
942 ## - ADDED ENTRY ELEMENTS (KOHA)
Source of classification or shelving scheme Dewey Decimal Classification
Item type English Books
Classification part 746.95451
Call number suffix SAR
Holdings
Withdrawn status Lost status Not for loan Collection code Home library Current library Date acquired Source of acquisition Cost, normal purchase price Full call number Barcode Copy number Cost, replacement price Koha item type
      Non-fiction D.B.Act.Division Mobile Library 14/12/2022 DBAD/PUB 120.00 746.95451 SAR EN-119307 1 120.00 English Books

© Delhi Public Library
Hit Counter
free hit counter